Youtuberzy komentujący paradokumenty z naj. subskrybcji - Statystyki

Ogólne statystyki
  • Ten quiz został rozwiązany 61 razy
  • Średni wynik to 3 z 7
Statystyki odpowiedzi
Hint Odpowiedź % Poprawnych
3,5 mln Naruciak
96%
866 tys Lakarnum
91%
175 tys Kamil Sus
46%
254 tys Profcio
30%
510 tys Przemek Kucyk
28%
154 tys Chrisnojoke
19%
186 tys Pupcik
7%
Nie znaleziono quizów pasujących do podanych kryteriów
Rozkład punktacji
Procent ludzi z każdym wynikiem
Percentyl według liczby udzielonych odpowiedzi
Twoja historia wyników
Nie rozwiązałeś tego quizu